000 00447nam a2200181Ia 4500
001 1912
005 20260306143803.0
008 260306t2024||||xx |||||||||||||| ||spa||
041 _aESP
082 _a158.1
_bM58
100 _aMiller, Christian B.,
_eAUT
245 0 _aLa brecha del carácter :
_b¿qué tan buenos somos?
260 _c2024
300 _a328 páginas :
_c20 cm.
650 _aGEN
654 _aCPS
942 _cLIB
_dJUS
_fJUS
_2ddc
_n
999 _c1912
_d1912